| 000 | 00672nam a22002177a 4500 | ||
|---|---|---|---|
| 003 | UA-OsUOA | ||
| 001 | 125731 | ||
| 007 | ta | ||
| 008 | 20170925b un ||||| |||| 00| 0 ukr d | ||
| 100 | _aБондарук О.С. | ||
| 090 |
_a311 _bБ81 |
||
| 942 | _cSA | ||
| 040 |
_aUA-OsUOA _beng _cUA-OsUOA _dUA-OsUOA |
||
| 245 | _aБюджетні інтереси в системі економічної безпеки держави | ||
| 300 | _aС.90-96 | ||
| 955 | _a0 | ||
| 041 | _aeng | ||
| 080 | _a311 | ||
| 773 | 0 |
_w125723 _tСтатистика України _dК. _d2017 _g2 |
|
| 650 | 7 |
_a311 Статистика як наука. Теорія статистики _2UDC |
|
| 999 |
_c412968 _d412968 |
||